Records management

This book offers an introduction to the complex field of records management. Alphabetic filing rules are included, along with methods of storing and retrieving alphabetic, subject, numeric, and geographic records. Thorough coverage is provided for filing and maintenance of paper, automated, micro im...

Full description

Saved in:
Bibliographic Details
Main Author: Read-Smith, Judith
Format: Book
Language:Undetermined
Published: Mason, OH Thomson / South-Western 2007
Subjects:
Tags: Add Tag
No Tags, Be the first to tag this record!
Institutions: Trung tâm Học liệu Trường Đại học Cần Thơ
LEADER 01020nam a2200217Ia 4500
001 CTU_145070
008 210402s9999 xx 000 0 und d
020 |c 93.95 
082 |a 651.53 
082 |b R282/8th 
100 |a Read-Smith, Judith 
245 0 |a Records management 
245 0 |c Judith Read-Smith, Mary Lea Ginn ; contributing authors: Virginia A Jones, Dianne S Rankin 
260 |a Mason, OH 
260 |b Thomson / South-Western 
260 |c 2007 
520 |a This book offers an introduction to the complex field of records management. Alphabetic filing rules are included, along with methods of storing and retrieving alphabetic, subject, numeric, and geographic records. Thorough coverage is provided for filing and maintenance of paper, automated, micro image, and electronic imaging records 
650 |a Filing systems,Records,Hệ thống lưu trữ,Hồ sơ 
650 |x Management,Quản lý 
904 |i Huỳnh Mai 
980 |a Trung tâm Học liệu Trường Đại học Cần Thơ